[Event "HUN-chT2"]
[Site "Hungary"]
[Date "1997.??.??"]
[Round "5"]
[White "Rusz, Gabor"]
[Black "Tsirkov, Vladimir"]
[Result "1-0"]
[WhiteElo "2250"]
[BlackElo "2220"]
[PlyCount "87"]
[EventDate "1997.??.??"]
[EventType "team-swiss"]
[EventRounds "13"]
[EventCountry "HUN"]
[SourceTitle "EXT 2006"]
[Source "ChessBase"]
[SourceDate "2005.11.24"]
[SourceVersion "1"]
[SourceVersionDate "2005.11.24"]
[SourceQuality "1"]

1. d4 d5 2. Nf3 Nf6 3. c4 c6 4. Nc3 dxc4 5. a4 Bf5 6. e3 e6 7. Bxc4 Bb4 8. 0-0 Nbd7 9. Qb3 a5 10. Na2 Qb6 11. Nxb4 Qxb4 12. Qxb4 axb4 13. Bd2 Nb6 14. Bb3 Nbd5 15. Ne5 Ne4 16. Be1 f6 17. Nf3 c5 18. Nh4 Bg6 19. Nxg6 hxg6 20. Bc2 f5 21. Bxe4 fxe4 22. dxc5 Ra5 23. Bd2 Rxc5 24. Rfc1 Rxc1+ 25. Rxc1 Kd7 26. f3 exf3 27. gxf3 b3 28. a5 Rc8 29. Rxc8 Kxc8 30. e4 Ne7 31. Bc3 Nc6 32. Kf2 Kd7 33. Ke3 Kd6 34. Kd3 Kc5 35. Bxg7 Nxa5 36. Kc3 Nc4 37. Bh6 Ne5 38. f4 Nc4 39. h4 Kb5 40. Bf8 Ne3 41. Be7 Ka4 42. Kd3 Nd1 43. Bf6 Kb4 44. Ke2 1-0

[Event "HUN-chT2"]
[Site "Hungary"]
[Date "1997.??.??"]
[Round "8"]
[White "Tesinszky, Gyorgy"]
[Black "Tsirkov, Vladimir"]
[Result "0-1"]
[WhiteElo "2215"]
[BlackElo "2220"]
[PlyCount "84"]
[EventDate "1997.??.??"]
[EventType "team-swiss"]
[EventRounds "13"]
[EventCountry "HUN"]
[SourceTitle "EXT 2006"]
[Source "ChessBase"]
[SourceDate "2005.11.24"]
[SourceVersion "1"]
[SourceVersionDate "2005.11.24"]
[SourceQuality "1"]

1. e4 c5 2. d4 cxd4 3. c3 dxc3 4. Nxc3 d6 5. Bc4 e6 6. Nf3 Nf6 7. Qe2 Be7 8. 0-0 a6 9. Rd1 Qc7 10. Be3 b5 11. Bb3 Nbd7 12. Rac1 Nc5 13. Bc2 Bb7 14. b4 Ncd7 15. Bb3 Qb8 16. Nd2 0-0 17. f4 Bc6 18. g4 Qb7 19. Bf2 Nb6 20. g5 Ne8 21. h4 Nc7 22. h5 d5 23. h6 dxe4 24. hxg7 Rfd8 25. Ndxe4 Rxd1+ 26. Rxd1 Nbd5 27. Bc2 Nxf4 28. Qg4 Ng6 29. Rd3 Nd5 30. Nxd5 Bxd5 31. Rh3 Kxg7 32. Nf6 Bxf6 33. gxf6+ Kf8 34. Rxh7 Bf3 35. Bc5+ Ke8 36. Qg3 Qd5 37. Qc7 Qg5+ 38. Kf2 Qg2+ 39. Ke3 Qe2+ 40. Kd4 Qc4+ 41. Ke3 Qe2+ 42. Kd4 Qd2+ 0-1

[Event "HUN-chT U18"]
[Site "Hungary"]
[Date "1997.??.??"]
[Round "?"]
[White "Tsirkov, Vladimir"]
[Black "Simon, Nandor"]
[Result "1/2-1/2"]
[WhiteElo "2220"]
[BlackElo "2080"]
[PlyCount "55"]
[EventDate "1997.??.??"]
[EventType "team-tourn"]
[EventRounds "9"]
[EventCountry "HUN"]
[SourceTitle "EXT 2006"]
[Source "ChessBase"]
[SourceDate "2005.11.24"]
[SourceVersion "1"]
[SourceVersionDate "2005.11.24"]
[SourceQuality "1"]

1. d4 Nf6 2. Bg5 d5 3. Bxf6 gxf6 4. e3 e5 5. c3 c5 6. Nf3 Nc6 7. Bb5 e4 8. Nfd2 cxd4 9. cxd4 Bd7 10. a3 Bd6 11. Nc3 Ne7 12. Qa4 a6 13. Bxd7+ Qxd7 14. Qxd7+ Kxd7 15. Na4 Nc8 16. Rc1 Rb8 17. Ke2 b6 18. g3 Ne7 19. Rhf1 Ke6 20. f3 f5 21. g4 Bxh2 22. fxe4 fxe4 23. g5 Nf5 24. Rc6+ Bd6 25. Rxf5 Kxf5 26. Rxd6 Rhd8 27. Rh6 Rh8 28. Rd6 1/2-1/2

[Event "HUN-chT2"]
[Site "Hungary"]
[Date "1996.??.??"]
[Round "?"]
[White "Szemeti, Arpad"]
[Black "Tsirkov, Vladimir"]
[Result "1-0"]
[WhiteElo "2230"]
[BlackElo "2150"]
[PlyCount "61"]
[EventDate "1996.??.??"]
[EventType "team-tourn"]
[EventRounds "13"]
[EventCountry "HUN"]
[SourceTitle "EXT 2006"]
[Source "ChessBase"]
[SourceDate "2005.11.24"]
[SourceVersion "1"]
[SourceVersionDate "2005.11.24"]
[SourceQuality "1"]

1. d4 d5 2. c4 c6 3. Nf3 Nf6 4. Nc3 dxc4 5. a4 Bf5 6. Ne5 e6 7. Bg5 Bb4 8. Nxc4 h6 9. Bh4 Nbd7 10. f3 b5 11. Nd2 a6 12. e4 Bh7 13. Be2 0-0 14. 0-0 Nb6 15. axb5 cxb5 16. Bf2 Bxc3 17. bxc3 Na4 18. Ra3 Qe7 19. Qa1 Nd7 20. c4 Ndb6 21. cxb5 axb5 22. Bxb5 Qb4 23. Bxa4 Qxd2 24. Bc6 Rac8 25. Qc3 Qxc3 26. Rxc3 f5 27. Rfc1 fxe4 28. fxe4 Rf6 29. d5 Na8 30. d6 e5 31. Bd5+ 1-0